000
00328nam a2200133Ia 4500
008
240624s9999 xx 000 0 und d
041
_a
eng
082
_a
006.7 HUR
100
_a
HUEWITZ JUDITH
245
_a
CLOUD COMPUTING FOR DUMMIES
260
_c
2010
_a
New Delhi
_b
Wiley
300
_a
310 : p.: : 24 : cm.
365
_c
RS
_b
31
999
_c
23031
_d
23031